[Event "Olexuv memorial 2015"]
[Site "?"]
[Date "2015.12.26"]
[Round "1.1"]
[White "Doskar, Miloslav "]
[Black "Fiala, Vaclav"]
[Result "1/2-1/2"]
[WhiteElo "2272"]
[BlackElo "1705"]
[PlyCount "34"]
[EventDate "2015.12.26"]
[SourceDate "2015.12.26"]

1. Nf3 d5 2. d4 Nf6 3. g3 e6 4. Bg2 Be7 5. O-O O-O 6. c4 c6 7. cxd5 exd5 8. Nc3
Re8 9. Bg5 Ne4 10. Bxe7 Qxe7 11. e3 Bg4 12. Qc2 Nd7 13. Rac1 h6 14. Nxe4 dxe4
15. Nd2 Nf6 16. Qc5 Rad8 17. a3 Qxc5 1/2-1/2

[Event "Olexuv memorial 2015"]
[Site "?"]
[Date "2015.12.26"]
[Round "1.2"]
[White "Cip, Dalibor"]
[Black "Fryda, Dominik"]
[Result "1-0"]
[WhiteElo "2164"]
[BlackElo "1677"]
[PlyCount "57"]
[EventDate "2015.12.26"]
[SourceDate "2015.12.26"]

1. c4 c5 2. g3 g6 3. Bg2 Nc6 4. Nc3 Bg7 5. Nf3 Nf6 6. d4 cxd4 7. Nxd4 O-O 8.
O-O a6 9. c5 Qc7 10. Nb3 Rd8 11. Bf4 e5 12. Bg5 h6 13. Bxf6 Bxf6 14. Nd5 Qb8
15. Nxf6+ Kg7 16. Ne4 b6 17. Nd6 bxc5 18. Nxc8 Qxc8 19. Nxc5 Rb8 20. Bxc6 Qxc6
21. Rc1 Qb5 22. b3 d5 23. Qd2 d4 24. Rc4 Rd5 25. Rfc1 Rbd8 26. f3 Qb6 27. Nd3
Qe6 28. Rc6 Qh3 29. Nf2 1-0

[Event "Olexuv memorial 2015"]
[Site "?"]
[Date "2015.12.26"]
[Round "1.3"]
[White "Divis, Jan"]
[Black "Snorek, Milan"]
[Result "0-1"]
[WhiteElo "1632"]
[BlackElo "2048"]
[PlyCount "60"]

1. d4 d5 2. Bf4 Nf6 3. e3 e6 4. Nd2 c5 5. c3 Nc6 6. Ngf3 Bd6 7. Bxd6 Qxd6 8.
Bb5 O-O 9. O-O a6 10. Bxc6 bxc6 11. Qc2 Rb8 12. Rfe1 Nd7 13. e4 h6 14. e5 Qe7
15. b3 f5 16. g3 g5 17. Kg2 Rf7 18. Rh1 Bb7 19. h4 g4 20. Nh2 cxd4 21. cxd4 c5
22. f4 cxd4 23. Qc7 Qb4 24. Rhd1 d3 25. Nhf1 d4+ 26. Kg1 Ba8 27. Rdc1 Nf8 28.
Qc4 Qb7 29. Kf2 Qg2+ 30. Ke1 Qe2# 0-1

[Event "Olexuv memorial 2015"]
[Site "?"]
[Date "2015.12.26"]
[Round "1.4"]
[White "Borovicka, Bohumil"]
[Black "Glacner, Karel"]
[Result "1/2-1/2"]
[WhiteElo "2017"]
[BlackElo "1577"]
[PlyCount "68"]
[SourceDate "2015.12.26"]

1. d4 Nf6 2. Nc3 e5 3. dxe5 Ng4 4. e4 Nxe5 5. f4 Ng6 6. Be3 Bb4 7. Bc4 Qe7 8.
Qd3 c6 9. Nge2 Ba5 10. a4 Bxc3+ 11. Nxc3 d5 12. Bb3 O-O 13. O-O Re8 14. e5 b6
15. Rfe1 Nd7 16. Kh1 Bb7 17. Rad1 Nc5 18. Bxc5 bxc5 19. Qg3 Bc8 20. Ne2 Bf5 21.
Qf2 Nh4 22. Ng3 Bg4 23. Rc1 Nf5 24. Nxf5 Bxf5 25. c3 Rab8 26. Bd1 c4 27. Bf3
Rb7 28. Re2 Reb8 29. Rd2 Rb3 30. Bd1 R3b6 31. Bc2 Bd7 32. h3 g6 33. Bd1 Bf5 34.
Bg4 Bd3 1/2-1/2

[Event "Olexuv memorial 2015"]
[Site "?"]
[Date "2015.12.26"]
[Round "1.5"]
[White "Schoebel, Thomas"]
[Black "Licka, Vlastimil"]
[Result "0-1"]
[WhiteElo "1435"]
[BlackElo "1939"]
[PlyCount "68"]

1. e4 c5 2. Bc4 e6 3. Nf3 Nc6 4. Nc3 a6 5. a3 Qc7 6. O-O Nf6 7. d4 cxd4 8. Nxd4
b5 9. Nxc6 bxc4 10. Nd4 Bb7 11. Re1 h6 12. Bd2 Bc5 13. Nf3 d6 14. e5 dxe5 15.
Nxe5 Bd6 16. f4 O-O-O 17. b3 g5 18. Qe2 gxf4 19. Nxf7 Qxf7 20. Qxc4+ Qc7 21.
Qxe6+ Kb8 22. Qxf6 Qc6 23. Re2 Bc5+ 24. Kf1 Qxf6 25. Rae1 Rxd2 26. Ne4 Rxe2 27.
Nxf6 Rf2+ 28. Kg1 Rxg2+ 29. Kf1 Rg1+ 30. Ke2 f3+ 31. Kd1 Rd8+ 32. Kc1 Rxe1+ 33.
Kb2 Bd4+ 34. Ka2 Ra1# 0-1

[Event "Olexuv memorial 2015"]
[Site "?"]
[Date "2015.12.26"]
[Round "1.6"]
[White "Pokora, Lubomir"]
[Black "Machac, Petr"]
[Result "1-0"]
[WhiteElo "1875"]
[BlackElo "1289"]
[PlyCount "87"]
[SourceDate "2015.12.26"]

1. e4 e5 2. Nf3 Nf6 3. Nxe5 d6 4. Nf3 Nxe4 5. Nc3 Nxc3 6. dxc3 Be7 7. Be3 Bg4
8. Be2 O-O 9. Qd2 Nd7 10. h3 Bh5 11. g4 Bg6 12. O-O-O Nf6 13. Kb1 Re8 14. Qc1
Ne4 15. Rhf1 Bf6 16. Ka1 Qd7 17. Nd4 c5 18. Bb5 Qc7 19. Ne2 Red8 20. f3 Qa5 21.
Bd3 Nxc3 22. Nxc3 Bxc3 23. bxc3 Qxc3+ 24. Qb2 Qxb2+ 25. Kxb2 Bxd3 26. Rxd3 b5
27. Rfd1 Re8 28. Bf4 c4 29. Rxd6 h6 30. R6d5 a6 31. Rd7 g5 32. Bd2 Rab8 33. Bb4
Ra8 34. Ba5 Re3 35. Rf1 Rc8 36. Rd8+ Rxd8 37. Bxd8 Kf8 38. Bb6 Re2 39. Rf2 Re1
40. f4 Rh1 41. fxg5 hxg5 42. Rf3 Kg7 43. Be3 Kg6 44. Bd4 1-0

[Event "Olexuv memorial 2015"]
[Site "?"]
[Date "2015.12.26"]
[Round "1.7"]
[White "Koci, Milos"]
[Black "Effenberger, Adam"]
[Result "1-0"]
[WhiteElo "1286"]
[BlackElo "1839"]
[PlyCount "76"]
[SourceDate "2015.12.26"]

1. d4 d5 2. c4 e5 3. e3 exd4 4. Qxd4 Nf6 5. Nf3 Nc6 6. Qd1 Bf5 7. a3 dxc4 8.
Qxd8+ Rxd8 9. Bxc4 Bc5 10. O-O Bd3 11. Bxd3 Rxd3 12. b4 Bb6 13. Bb2 Ke7 14. Nc3
Rhd8 15. Rfd1 g6 16. Kf1 Rxd1+ 17. Rxd1 Rxd1+ 18. Nxd1 Ne4 19. Nc3 Nxc3 20.
Bxc3 f6 21. Ke2 Ke6 22. Nd4+ Nxd4+ 23. Bxd4 Bxd4 24. exd4 Kd5 25. Kd3 a6 26. f3
h6 27. g3 f5 28. h4 g5 29. hxg5 hxg5 30. g4 fxg4 31. fxg4 b6 32. a4 b5 33. axb5
axb5 34. Ke3 Kc4 35. Ke4 Kxb4 36. Kd5 Kc3 37. Kc5 b4 38. d5 b3 1-0

[Event "Olexuv memorial 2015"]
[Site "?"]
[Date "2015.12.26"]
[Round "1.8"]
[White "Micka, Norbert"]
[Black "Brda Vlastimil"]
[Result "1-0"]
[WhiteElo "1816"]
[BlackElo "1244"]
[PlyCount "94"]
[SourceDate "2015.12.26"]

1. Nf3 c5 2. c4 Nc6 3. Nc3 e6 4. g3 Nge7 5. Bg2 Ng6 6. O-O Be7 7. d4 cxd4 8.
Nxd4 Nxd4 9. Qxd4 Bf6 10. Qd2 Ne5 11. b3 Nc6 12. Bb2 a6 13. Ne4 Bxb2 14. Qxb2
O-O 15. Rad1 e5 16. Rd2 Qe7 17. Rfd1 Nd4 18. e3 Nf5 19. c5 a5 20. Nd6 Nxd6 21.
Rxd6 Ra6 22. Qc3 Rxd6 23. cxd6 Qd8 24. Qxe5 Re8 25. Qc5 b6 26. Qc7 Ba6 27. Rc1
Bb5 28. Qxd8 Rxd8 29. Rc7 g6 30. Bf1 Bc6 31. a4 Kg7 32. Bb5 Bd5 33. Rc3 Be6 34.
e4 g5 35. f4 f6 36. Kf2 g4 37. Ke3 f5 38. e5 Bf7 39. Kd4 Be8 40. Rc7 Rb8 41.
Bxd7 Bxd7 42. Rxd7+ Kg6 43. Rc7 b5 44. d7 bxa4 45. bxa4 Rb4+ 46. Kc5 Rb8 47.
Rc8 Rb2 1-0

[Event "Olexuv memorial 2015"]
[Site "?"]
[Date "2015.12.26"]
[Round "1.9"]
[White "Hotar, Petr"]
[Black "Straka, Vojtech"]
[Result "0-1"]
[WhiteElo "1574"]
[BlackElo "1782"]
[PlyCount "60"]

1. e4 e5 2. Nf3 Nc6 3. Bc4 Be7 4. c3 Nf6 5. d3 d6 6. Qb3 O-O 7. O-O Na5 8. Qb5
c6 9. Qa4 b5 10. Bxb5 cxb5 11. Qxb5 Bd7 12. Qa6 Qb6 13. Qxb6 axb6 14. b4 Nb3
15. axb3 Rxa1 16. Na3 Ra8 17. Nc4 b5 18. Na5 Bd8 19. Nb7 Bc7 20. c4 Bc6 21. Na5
Bxa5 22. bxa5 R8xa5 23. Bd2 Rxf1+ 24. Kxf1 Ra1+ 25. Ke2 Rb1 26. Bb4 bxc4 27.
Nd2 Rb2 28. dxc4 Nxe4 29. f3 Nxd2 30. Bxd2 Rxb3 0-1

[Event "Olexuv memorial 2015"]
[Site "?"]
[Date "2015.12.26"]
[Round "1.10"]
[White "Veznik, Michael"]
[Black "Tancerova, Marie"]
[Result "1-0"]
[WhiteElo "1773"]
[BlackElo "1350"]
[PlyCount "77"]
[SourceDate "2015.12.26"]

1. e4 c5 2. Nc3 Nc6 3. Nf3 d6 4. d4 cxd4 5. Nxd4 Bd7 6. Be2 Nf6 7. O-O g6 8.
Be3 Bg7 9. Qd2 e5 10. Ndb5 O-O 11. Nxd6 Rb8 12. f3 Ne8 13. Ncb5 a6 14. Nxe8
Qxe8 15. Nc7 Qc8 16. Nd5 Rd8 17. Bb6 Re8 18. c3 Be6 19. Rfd1 Ne7 20. Qg5 Nxd5
21. exd5 f6 22. Qe3 Bf7 23. c4 Bf8 24. Rac1 Rd8 25. Kh1 Rd7 26. a3 h5 27. b4
Kh7 28. Qb3 Be7 29. Qb1 Rd6 30. Bc5 Rd7 31. Bxe7 Rxe7 32. d6 Rd7 33. c5 Qc6 34.
b5 Qc8 35. bxa6 bxa6 36. Bxa6 Rxb1 37. Bxc8 Rxc1 38. Rxc1 Rd8 39. d7 1-0

[Event "Olexuv memorial 2015"]
[Site "?"]
[Date "2015.12.27"]
[Round "1.11"]
[White "Hladky, Jiri"]
[Black "Hala, Pavel"]
[Result "0-1"]
[WhiteElo "1000"]
[BlackElo "1730"]
[PlyCount "68"]
[SourceDate "2015.12.27"]

1. e4 d6 2. f4 e6 3. Nf3 g6 4. d4 Bg7 5. Bc4 c6 6. O-O Ne7 7. Re1 O-O 8. f5 d5
9. exd5 exd5 10. Bb3 Nxf5 11. Kh1 Nd7 12. c4 Nb6 13. Na3 Be6 14. Qd3 dxc4 15.
Nxc4 Nxc4 16. Bxc4 Bd5 17. Bxd5 Qxd5 18. Be3 Rfe8 19. Rac1 Qd7 20. Qc3 Rad8 21.
Ne5 Qd5 22. Rcd1 f6 23. Nf3 g5 24. Rd3 Re7 25. Red1 Rde8 26. Bf2 Re2 27. Bg3 g4
28. Ne1 Nxg3+ 29. hxg3 f5 30. Qb3 Rxe1+ 31. Rxe1 Rxe1+ 32. Kh2 Qxb3 33. axb3
Re4 34. d5 Rd4 0-1

[Event "Olexuv memorial 2015"]
[Site "?"]
[Date "2015.12.27"]
[Round "1.12"]
[White "Zikan, Karel"]
[Black "Hladky, Tadeas"]
[Result "1-0"]
[WhiteElo "1710"]
[BlackElo "1000"]
[PlyCount "67"]
[SourceDate "2015.12.27"]

1. Nf3 d5 2. d4 Bf5 3. c4 dxc4 4. Qa4+ Nc6 5. Ne5 Bd7 6. Nxd7 Qxd7 7. e3 Nf6 8.
Bxc4 e6 9. Bb5 Bb4+ 10. Bd2 Bxd2+ 11. Nxd2 a6 12. Rc1 O-O 13. Bxc6 bxc6 14.
Qxc6 Qxc6 15. Rxc6 Nd5 16. Ke2 Rfc8 17. Rhc1 Ra7 18. a3 Ne7 19. R6c2 c6 20. Ne4
Rd8 21. Rc5 f5 22. Ng5 Rd6 23. Re5 h6 24. Rxe6 Rd5 25. Nf3 Rb5 26. b4 Rd7 27.
Ne5 Rc7 28. Nxc6 Kf7 29. Nd8+ Ke8 30. Rxc7 Kxd8 31. Rexe7 g5 32. Rh7 h5 33.
Rcg7 g4 34. Rh8# 1-0

[Event "Olexuv memorial 2015"]
[Site "?"]
[Date "2015.12.26"]
[Round "2.1"]
[White "Straka, Vojtech"]
[Black "Cip, Dalibor"]
[Result "1/2-1/2"]
[WhiteElo "1782"]
[BlackElo "2164"]
[PlyCount "151"]
[SourceDate "2015.12.27"]

1. e4 c5 2. Nf3 e6 3. d4 cxd4 4. Nxd4 Nc6 5. Be3 Nf6 6. Nc3 Bb4 7. Bd3 O-O 8.
O-O Qc7 9. h3 a6 10. Nde2 Be7 11. f4 d6 12. Na4 Nd7 13. c4 Nb4 14. a3 Nxd3 15.
Qxd3 b6 16. Rac1 Bb7 17. b4 Rab8 18. Nd4 Rfc8 19. b5 Nc5 20. Nxc5 bxc5 21. bxa6
Bxa6 22. Nb5 Bxb5 23. cxb5 Qa5 24. Rb1 c4 25. Qd4 Rxb5 26. Rxb5 Qxb5 27. Qa7
Bf8 28. a4 Qc6 29. Rc1 Qxe4 30. a5 h5 31. Kf2 c3 32. a6 Qc6 33. Ra1 d5 34. Qd4
c2 35. a7 Qa8 36. Qb2 Bd6 37. Rc1 Bc5 38. Bxc5 Rxc5 39. Qb6 Rc6 40. Qb8+ Rc8
41. Qb6 Kh7 42. g4 hxg4 43. hxg4 Kg6 44. Ke2 d4 45. f5+ Kg5 46. Qxd4 e5 47.
Qe3+ Kf6 48. Qb6+ Ke7 49. Kf2 Qe4 50. Qe3 Qxe3+ 51. Kxe3 Ra8 52. Rxc2 Rxa7 53.
g5 Rd7 54. Rc4 Kd6 55. Ke4 f6 56. Rc1 Rc7 57. Rd1+ Ke7 58. gxf6+ gxf6 59. Rh1
Rc4+ 60. Kd5 Rd4+ 61. Kc5 Rd2 62. Rh7+ Kf8 63. Rh4 Kg7 64. Rg4+ Kf7 65. Rh4 Kf8
66. Rh6 Kg7 67. Rh4 Rg2 68. Kd5 Rd2+ 69. Ke6 Rg2 70. Ra4 e4 71. Ra7+ Kg8 72.
Kxf6 e3 73. Ra8+ Kh7 74. Re8 e2 75. Re4 Rf2 76. Re7+ 1/2-1/2

[Event "Olexuv memorial 2015"]
[Site "?"]
[Date "2015.12.27"]
[Round "2.2"]
[White "Snorek, Milan"]
[Black "Micka, Norbert"]
[Result "1-0"]
[WhiteElo "2048"]
[BlackElo "1816"]
[PlyCount "77"]

1. d4 Nf6 2. c4 g6 3. Nc3 d5 4. Bg5 Ne4 5. Bf4 Nxc3 6. bxc3 dxc4 7. e3 Bg7 8.
Bxc4 c5 9. Nf3 O-O 10. O-O Nc6 11. Qe2 Bg4 12. Rfd1 Qc8 13. Rab1 e5 14. dxe5
Nxe5 15. Bd5 Rb8 16. Qb5 Bxf3 17. Bxf3 Nxf3+ 18. gxf3 Ra8 19. c4 b6 20. a4 Rd8
21. a5 bxa5 22. Qxa5 Rd7 23. Rxd7 Qxd7 24. Qxc5 h6 25. Qb5 Qxb5 26. cxb5 Rd8
27. Kf1 Rd7 28. Ke2 f5 29. Rd1 Rb7 30. Rd8+ Kf7 31. Rb8 Rd7 32. Rc8 Ke6 33.
Rc6+ Kf7 34. Rc7 Ke6 35. Rxd7 Kxd7 36. Bb8 Kc8 37. Bxa7 Be5 38. f4 Bd6 39. Kd3
1-0

[Event "Olexuv memorial 2015"]
[Site "?"]
[Date "2015.12.27"]
[Round "2.3"]
[White "Licka, Vlastimil"]
[Black "Veznik, Michal"]
[Result "1-0"]
[WhiteElo "1939"]
[BlackElo "1777"]
[PlyCount "75"]

1. e4 c6 2. d4 d6 3. Nf3 g6 4. c4 Bg7 5. Nc3 Nd7 6. Be3 e5 7. Be2 Ngf6 8. h3
O-O 9. Qd2 exd4 10. Nxd4 Nc5 11. f3 Nh5 12. O-O-O Ng3 13. Rhe1 Qa5 14. Kb1 Rd8
15. Bf2 Nxe2 16. Ncxe2 Qxd2 17. Rxd2 Ne6 18. Nc2 b6 19. Bg3 Ba6 20. b3 b5 21.
Nb4 Bb7 22. cxb5 cxb5 23. Bxd6 f5 24. exf5 gxf5 25. Red1 a5 26. Nd5 Kf7 27.
Ndf4 Nxf4 28. Bxf4 Rxd2 29. Rxd2 Bc6 30. Ng3 a4 31. b4 a3 32. Nxf5 Bb2 33. Rc2
Bd5 34. Rc7+ Ke6 35. Ne3 Rd8 36. Bg5 Bxa2+ 37. Kxa2 Rd2 38. Rc2 1-0

[Event "Olexuv memorial 2015"]
[Site "?"]
[Date "2015.12.26"]
[Round "2.4"]
[White "Hala, Pavel"]
[Black "Pokora, Lubomir"]
[Result "1/2-1/2"]
[WhiteElo "1730"]
[BlackElo "1875"]
[PlyCount "83"]
[EventDate "2015.??.??"]
[SourceDate "2015.12.27"]

1. c4 e5 2. e4 d6 3. Nc3 Nf6 4. d3 Be7 5. h3 c6 6. Nf3 Qc7 7. Be2 Na6 8. a3 Nc5
9. b4 Ne6 10. Be3 O-O 11. O-O Bd7 12. Nh2 b6 13. Qd2 Nd4 14. Bxd4 exd4 15. Nd1
c5 16. f4 Ne8 17. Bf3 Rd8 18. b5 f5 19. exf5 Bxf5 20. g4 Be6 21. f5 Bf7 22. Qg2
h6 23. Qg3 d5 24. Qxc7 Nxc7 25. Be2 dxc4 26. dxc4 Bf6 27. Bd3 Ne8 28. Nf3 Nd6
29. Nf2 Rde8 30. Rae1 Rxe1 31. Rxe1 Re8 32. Kf1 Kf8 33. a4 Bg8 34. Nd2 Bg5 35.
Rxe8+ Kxe8 36. Ke2 Be3 37. Nf1 Bf4 38. Kd1 Ke7 39. Ke2 Kf6 40. h4 Bf7 41. Nd2
Bxd2 42. Kxd2 1/2-1/2

[Event "Olexuv memorial 2015"]
[Site "?"]
[Date "2015.12.26"]
[Round "2.5"]
[White "Effenberger, Adam"]
[Black "Zikan, Karel"]
[Result "1-0"]
[WhiteElo "1839"]
[BlackElo "1710"]
[PlyCount "119"]
[SourceDate "2015.12.27"]

1. c4 c6 2. Nc3 Nf6 3. d4 d5 4. Nf3 e6 5. e3 Nbd7 6. Bd3 dxc4 7. Bxc4 b5 8. Bd3
a6 9. O-O Bb7 10. b3 Be7 11. Bb2 O-O 12. Qc2 c5 13. Ne4 Bxe4 14. Bxe4 Nxe4 15.
Qxe4 Nf6 16. Qb7 Qd7 17. Qxd7 Nxd7 18. Rac1 Rac8 19. Rfd1 Rfd8 20. Kf1 Kf8 21.
Ke2 Ke8 22. dxc5 Bxc5 23. Bxg7 Ba3 24. Rxc8 Rxc8 25. Ne5 Rc2+ 26. Rd2 Rxd2+ 27.
Kxd2 Nb6 28. Nc6 Nd5 29. g4 Bd6 30. Be5 Kd7 31. Nb8+ Bxb8 32. Bxb8 Kc6 33. h4
f6 34. Ba7 Ne7 35. Bd4 e5 36. Bb2 Kd5 37. Kd3 Nc6 38. e4+ Ke6 39. Bc3 Kd6 40.
Ke3 Ke6 41. f4 Ne7 42. fxe5 fxe5 43. Kf3 Ng6 44. h5 Ne7 45. g5 Nc6 46. Kg4 Ne7
47. Bb2 Nc6 48. g6 hxg6 49. hxg6 Kf6 50. g7 Kxg7 51. Kf5 Kf7 52. Bxe5 Nb4 53.
a3 Nc2 54. Bb2 Ke7 55. Ke5 Ne3 56. Bd4 Ng4+ 57. Kd5 Kd7 58. e5 a5 59. Kc5 a4
60. b4 1-0

[Event "Olexuv memorial 2015"]
[Site "?"]
[Date "2015.12.26"]
[Round "2.6"]
[White "Fiala, Vaclav"]
[Black "BorovickaBohumil"]
[Result "1/2-1/2"]
[WhiteElo "2274"]
[BlackElo "2019"]
[PlyCount "111"]
[SourceDate "2015.12.27"]

1. e4 d5 2. d4 dxe4 3. Nc3 Nf6 4. Bg5 Bf5 5. Bxf6 gxf6 6. Qe2 c6 7. O-O-O e6 8.
Nxe4 Nd7 9. Kb1 Qa5 10. Ng3 O-O-O 11. d5 Nb6 12. Nxf5 exf5 13. dxc6 Rxd1+ 14.
Qxd1 bxc6 15. Bd3 Bd6 16. Nf3 Kc7 17. Nd4 Be5 18. Nb3 Qd5 19. Qe2 Qxg2 20. Re1
Qg4 21. Qd2 Rd8 22. Qa5 Qa4 23. Rxe5 fxe5 24. Qxe5+ Rd6 25. Nc5 Qd4 26. Qe7+
Nd7 27. Na6+ Kb7 28. a4 Re6 29. Nc5+ Qxc5 30. Qxd7+ Kb8 31. Qxf7 Re1+ 32. Ka2
Qd5+ 33. Qxd5 cxd5 34. Bxf5 h5 35. Kb3 Re2 36. Bg6 Rxf2 37. Bxh5 Rxh2 38. Bf7
Rh3+ 39. Kb4 Rh4+ 40. Kb5 Rd4 41. b3 Rd2 42. Bg6 Rg2 43. Bd3 Rg5 44. Kc5 Kc7
45. b4 Rh5 46. a5 Rg5 47. b5 Rh5 48. Bg6 Rg5 49. b6+ axb6+ 50. axb6+ Kb8 51.
Bf7 Rg2 52. c3 Rc2 53. Kd4 Rb2 54. Kxd5 Rxb6 55. c4 Kc7 56. c5 1/2-1/2

[Event "Olexuv memorial 2015"]
[Site "?"]
[Date "2015.12.26"]
[Round "2.7"]
[White "Glacner, Karel"]
[Black "Doskar, Miloslav"]
[Result "0-1"]
[WhiteElo "1577"]
[BlackElo "1705"]
[PlyCount "111"]
[SourceDate "2015.12.27"]

1. e4 e5 2. d4 d6 3. d5 Nf6 4. Nc3 Be7 5. Bd3 Nbd7 6. b4 a6 7. Bb2 Nf8 8. h3
Ng6 9. g3 h6 10. a4 Bd7 11. Qf3 O-O 12. Qg2 Nh5 13. Nf3 f5 14. h4 Qc8 15. Ng5
Nf6 16. Ne6 Bxe6 17. dxe6 f4 18. h5 Nh8 19. Nd5 Nxd5 20. exd5 Rf6 21. Qe4 g6
22. hxg6 Qf8 23. gxf4 Rxf4 24. Qg2 Bg5 25. Bc1 Qf6 26. Bxf4 exf4 27. Ke2 Nxg6
28. Qe4 f3+ 29. Qxf3 Nf4+ 30. Ke1 Qxa1+ 31. Qd1 Qxd1+ 32. Kxd1 Nxd5 33. Bg6 Kg7
34. Bf7 Kf8 35. Rf1 Ne7 36. f4 Bf6 37. Kd2 c5 38. Rb1 Bg7 39. Rh1 Rd8 40. a5 d5
41. Rh3 d4 42. Rh5 Rd5 43. Rh1 Rf5 44. Rf1 Nd5 45. Bg6 Rxf4 46. Rxf4+ Nxf4 47.
Be4 Nxe6 48. Bxb7 Nc7 49. b5 axb5 50. a6 b4 51. a7 Ke7 52. Bg2 Kd6 53. a8=Q
Nxa8 54. Bxa8 Ke5 55. Bb7 Kf4 56. Bd5 0-1

[Event "Olexuv memorial 2015"]
[Site "?"]
[Date "2015.12.26"]
[Round "2.8"]
[White "Krejci, Petr"]
[Black "Spodny, Josef"]
[Result "1/2-1/2"]
[WhiteElo "1972"]
[BlackElo "1926"]
[PlyCount "24"]
[SourceDate "2015.12.27"]

1. d4 d5 2. Nf3 Nf6 3. e3 e6 4. Bd3 c5 5. c3 Nc6 6. O-O Be7 7. Nbd2 O-O 8. dxc5
Bxc5 9. e4 dxe4 10. Nxe4 Nxe4 11. Bxe4 Qxd1 12. Rxd1 Be7 1/2-1/2

[Event "Olexuv memorial 2015"]
[Site "?"]
[Date "2015.12.26"]
[Round "2.9"]
[White "Kandalec, Stefan"]
[Black "Vavrousek, Petr"]
[Result "0-1"]
[WhiteElo "1676"]
[BlackElo "1739"]
[PlyCount "39"]
[SourceDate "2015.12.27"]

1. e4 c5 2. Nf3 Nc6 3. Be2 g6 4. O-O Bg7 5. Nc3 Nf6 6. d3 d5 7. e5 Ng4 8. d4
cxd4 9. Nxd4 Ngxe5 10. Nxc6 bxc6 11. Be3 O-O 12. Bc5 Re8 13. Qd2 Nd7 14. Bd4 e5
15. Be3 d4 16. Ne4 dxe3 17. Qxe3 Qb6 18. Qa3 c5 19. Rad1 Bf8 20. Bc4 0-1

[Event "Olexuv memorial 2015"]
[Site "?"]
[Date "2015.12.26"]
[Round "2.10"]
[White "Fryda, Dominik"]
[Black "Hotar, Petr"]
[Result "1-0"]
[WhiteElo "1677"]
[BlackElo "1574"]
[PlyCount "43"]
[SourceDate "2015.12.27"]

1. e4 e5 2. Nf3 Nc6 3. d4 exd4 4. Nxd4 Nf6 5. Nc3 Bb4 6. Nxc6 bxc6 7. Bd3 O-O
8. O-O Re8 9. Bg5 h6 10. Bh4 g5 11. e5 Rxe5 12. Bg3 Bxc3 13. bxc3 Rc5 14. f4
Nd5 15. Qf3 Qf6 16. Qe4 Qg7 17. fxg5 Nxc3 18. Qe8+ Qf8 19. Bh7+ Kg7 20. gxh6+
Kxh7 21. Qxf8 Ne2+ 22. Kh1 1-0

[Event "Olexuv memorial 2015"]
[Site "?"]
[Date "2015.12.26"]
[Round "2.11"]
[White "Brda, Vlastimil"]
[Black "Divis, Jan"]
[Result "0-1"]
[WhiteElo "1289"]
[BlackElo "1632"]
[PlyCount "111"]
[EventDate "2015.??.??"]
[SourceDate "2015.12.27"]

1. e4 d5 2. exd5 Qxd5 3. Nc3 Qa5 4. Bc4 Nf6 5. Nge2 c6 6. d4 e6 7. Qd3 b5 8.
Bb3 Bb7 9. Bd2 a6 10. Nd5 Qd8 11. Ne3 Nbd7 12. a4 Be7 13. c4 Nc5 14. Qc2 Nce4
15. c5 Nxd2 16. Qxd2 O-O 17. Rd1 Qc7 18. Bc2 Rfd8 19. Qd3 g6 20. O-O Bxc5 21.
Qc3 Bd6 22. Ng3 b4 23. Qe1 a5 24. b3 Ba6 25. Nc4 Bf4 26. f3 Nd5 27. Rd3 Bxc4
28. bxc4 Nc3 29. Bb3 e5 30. Ne4 exd4 31. Nf6+ Kg7 32. Ng4 h5 33. Nf2 Bxh2+ 34.
Kh1 Bg3 35. Qd2 Bxf2 36. Qxf2 c5 37. f4 f5 38. Re1 Re8 39. Rxe8 Rxe8 40. Qh4
Qe7 41. Qxe7+ Rxe7 42. Kh2 Re3 43. Rxe3 dxe3 44. Kg1 Ne2+ 45. Kf1 Nxf4 46. g3
Nd3 47. Bc2 Ne5 48. Bb3 g5 49. Ke2 f4 50. gxf4 gxf4 51. Bc2 Kf6 52. Be4 Nxc4
53. Bc2 Ne5 54. Be4 h4 55. Bc2 h3 56. Be4 0-1

[Event "Olexuv memorial 2015"]
[Site "?"]
[Date "2015.12.26"]
[Round "2.12"]
[White "Tancerova, Marie"]
[Black "Schoebel, Thomas"]
[Result "1-0"]
[WhiteElo "1350"]
[BlackElo "1435"]
[PlyCount "132"]
[EventDate "2015.??.??"]
[SourceDate "2015.12.27"]

1. e4 e5 2. Nf3 Nc6 3. Bc4 Bc5 4. d3 h6 5. O-O a6 6. Nc3 Nf6 7. Be3 Bxe3 8.
fxe3 d6 9. d4 exd4 10. exd4 b5 11. Bb3 Na5 12. e5 Nxb3 13. cxb3 dxe5 14. dxe5
Qxd1 15. Raxd1 Nh7 16. Nd5 Ra7 17. Rc1 c6 18. Rxc6 O-O 19. Rfc1 Bd7 20. Rc7
Rxc7 21. Rxc7 Be6 22. Ne7+ Kh8 23. Ra7 Re8 24. Nd4 Nf8 25. Ndc6 Bd7 26. Rxa6
Bxc6 27. Nxc6 Nd7 28. Ra7 Nxe5 29. Nxe5 Rxe5 30. Rxf7 Re2 31. Rf2 Re1+ 32. Rf1
Re2 33. Rb1 Kg8 34. a4 Re3 35. a5 b4 36. a6 Re7 37. Ra1 Ra7 38. Kf2 Kf7 39. Ke3
Ke6 40. Kd4 Kd6 41. Kc4 Kc6 42. Kxb4 Kb6 43. Kc4 Rc7+ 44. Kd5 Ra7 45. b4 Kb5
46. g3 Kb6 47. h4 h5 48. Re1 Rd7+ 49. Ke6 Rd3 50. Ra1 Ka7 51. Ra3 Rd4 52. b5
Rb4 53. Ra5 Rxb2 54. Kf7 Rg2 55. Ra3 g5 56. hxg5 Rf2+ 57. Kg6 Rh2 58. Kh7 Rb2
59. g6 Rd2 60. g7 Rd7 61. Kh8 h4 62. gxh4 Rxg7 63. Kxg7 Kb8 64. a7+ Ka8 65. b6
Kb7 66. a8=Q+ Kxb6 1-0

[Event "Olexuv memorial 2015"]
[Site "?"]
[Date "2015.12.26"]
[Round "2.13"]
[White "Machac, Petr"]
[Black "Hladky, Jiri"]
[Result "1-0"]
[WhiteElo "1289"]
[BlackElo "1000"]
[PlyCount "95"]
[EventDate "2015.??.??"]
[SourceDate "2015.12.27"]

1. d4 d5 2. Nf3 Nf6 3. c4 e6 4. Nc3 c5 5. e3 Nc6 6. Be2 cxd4 7. exd4 Bb4 8. Bd2
O-O 9. O-O b6 10. a3 Bxc3 11. Bxc3 Bb7 12. Re1 Rc8 13. Rc1 Ne4 14. b3 Qd6 15.
Bb2 f5 16. Ne5 Rf6 17. c5 Qc7 18. cxb6 axb6 19. Bb5 Qd6 20. Re2 Ne7 21. Rxc8+
Nxc8 22. Rc2 Ne7 23. Qc1 Rh6 24. Rc7 Nc5 25. Rxe7 Qxe7 26. dxc5 bxc5 27. Qe3 d4
28. Qc1 Qd6 29. Nf3 Bxf3 30. gxf3 Qxh2+ 31. Kf1 Qd6 32. Ke2 Qd5 33. Qf4 Rf6 34.
Bc4 Qc6 35. a4 h6 36. Ba3 Kh7 37. Qe5 d3+ 38. Bxd3 Kg6 39. Bxc5 h5 40. Be7 Rf7
41. Bh4 Rb7 42. Bc4 Kf7 43. Qxf5+ Ke8 44. Bb5 Rxb5 45. Qxb5 Qxb5+ 46. axb5 g6
47. Kd3 Kd7 48. Kc4 1-0

[Event "Olexuv memorial 2015"]
[Site "?"]
[Date "2015.12.26"]
[Round "2.14"]
[White "Hladky, Tadeas"]
[Black "Koci, Milos"]
[Result "1-0"]
[WhiteElo "1000"]
[BlackElo "1285"]
[PlyCount "47"]
[EventDate "2015.??.??"]
[SourceDate "2015.12.27"]

1. e4 c5 2. Nf3 e6 3. Bc4 a6 4. O-O Qc7 5. d4 cxd4 6. Qxd4 Bc5 7. Qd3 Nc6 8.
Be3 Bxe3 9. Qxe3 b5 10. Bb3 Bb7 11. Nc3 Na5 12. Qd4 Nf6 13. Rad1 Nxb3 14. cxb3
Rd8 15. e5 Nd5 16. Ne4 O-O 17. Rc1 Bc6 18. Nd6 f6 19. Rfe1 fxe5 20. Qxe5 Nf6
21. Nd4 Qb6 22. Nxe6 dxe6 23. Qxe6+ Kh8 24. Nf7+ 1-0

[Event "Olexuv memorial 2015"]
[Site "?"]
[Date "2015.12.27"]
[Round "3.1"]
[White "Licka, Vlastimil"]
[Black "Snorek, Milan"]
[Result "1-0"]
[WhiteElo "1939"]
[BlackElo "2048"]
[PlyCount "61"]
[EventDate "2015.??.??"]
[SourceDate "2015.12.27"]

1. e4 c5 2. Nf3 e6 3. d4 cxd4 4. Nxd4 a6 5. Bd3 Qc7 6. O-O Nf6 7. Qe2 d6 8. Nc3
Be7 9. Kh1 Nbd7 10. f4 b6 11. Bd2 Bb7 12. Rae1 O-O 13. Nf3 Nc5 14. e5 Nd5 15.
Ne4 Nxd3 16. Qxd3 dxe5 17. fxe5 Rad8 18. Nfg5 g6 19. Qh3 h5 20. Qg3 Bc8 21. Rf2
Bxg5 22. Qxg5 f5 23. exf6 Qf7 24. c4 Nc7 25. Qe5 Ne8 26. Ng5 Qxf6 27. Rxf6 Rxf6
28. Bc3 Bb7 29. Nxe6 Rc8 30. Nc7 Bc6 31. Nxe8 1-0

[Event "Olexuv memorial 2015"]
[Site "?"]
[Date "2015.12.27"]
[Round "3.2"]
[White "Cip, Dalibor"]
[Black "Effenberger, Adam"]
[Result "1/2-1/2"]
[WhiteElo "2164"]
[BlackElo "1839"]
[PlyCount "83"]
[EventDate "2015.??.??"]
[SourceDate "2015.12.28"]

1. Nf3 c5 2. c4 g6 3. d4 cxd4 4. Nxd4 Nc6 5. e4 Bg7 6. Be3 Qb6 7. Nb5 Qa5+ 8.
N1c3 Nf6 9. f3 O-O 10. Be2 d6 11. Qd2 Be6 12. Nd5 Qxd2+ 13. Kxd2 a6 14. Nbc3
Bxd5 15. cxd5 Ne5 16. Rhc1 Rfc8 17. Nd1 Kf8 18. Nf2 Ke8 19. g4 Kd8 20. g5 Ng8
21. Rab1 e6 22. f4 Nd7 23. dxe6 fxe6 24. Bg4 Ke7 25. Nd3 Kf7 26. Bd1 Ne7 27.
Bb3 h6 28. Rf1 Nc5 29. Bxc5 dxc5 30. Ne5+ Bxe5 31. fxe5+ Kg7 32. Bxe6 Rf8 33.
gxh6+ Kxh6 34. Kc3 Nc6 35. Bd5 Nxe5 36. Bxb7 Rxf1 37. Rxf1 Ra7 38. Bd5 Kg5 39.
Bc4 a5 40. Be2 Rh7 41. Rf2 Rh4 42. Ba6 1/2-1/2